El viajero y su sombra /

Guardado en:
Bibliografiske detaljer
Hovedforfatter: Nietzsche, Friedrich (autor)
Andre forfattere: González-Blanco, Edmundo (traducción) (traducción)
Format: Bog
Sprog:spansk
Serier:(Biblioteca de Jurisprudencia, Filosofía e Historia)
Fag:
Tags: Tilføj Tag
Ingen Tags, Vær først til at tagge denne postø!

MARC

LEADER 00000nam^a2200000^a^4500
001 000380588
005 20250526000000.0
009 20260310120609.973
037 |a Acervo Xavier Clavigero 
041 |a ESP 
082 |a 149. 8  |b NIE OBR VIA 
100 |a Nietzsche, Friedrich  |e (autor) 
245 1 3 |a El viajero y su sombra /  |c F. Nietzsche ; tr. por E. González Blanco. 
264 |a Madrid, España :  |b La España Moderna,  |c fecha no identificada 
300 |a 371 p. ;  |c 21.5 cm. 
336 |a texto  |b txt  |2 rdacontenido 
337 |a sin mediación  |b n  |2 rdamedio 
338 |a volumen  |b nc  |2 rdasoporte 
440 1 |a (Biblioteca de Jurisprudencia, Filosofía e Historia) 
545 0 |a Friedrich Nietzsche (1844-1900), filósofo alemán, su doctrina es considerada de corte nihilista y vitalista, critica los falsos valores de su época, los fundamentos del pensamiento tradicional y la actitud del hombre occidental educado en la renuncia. Cursó estudios de filología clásica en la Universidad de Bonn y Leipzing, lugar donde tuvo un acercamiento a la filosofía de Arthur Schopenhauer y a la música de Richard Wagner, quienes influyeron en la formación de su pensamiento. De 1869 a 1879 impartió la cátedra de filología en la Universidad de Basilea; en enero de 1889 padeció una crisis de locura de la que ya no se recuperó. Según la Enciclopedia de la filosofía Garzanti sus obras se clasifican en: 1. Obras filosóficas: El nacimiento de la tragedia (1872); Consideraciones intempestivas (1873-1876); Humano, demasiado humano (1878). 2. Obras de madurez: El viajero y su sombra (1880); Aurora (1881); La gaya ciencia (1882); Así hablaba Zaratustra (1883-1885); Más allá del bien y del mal (1886); El caso Wagner (1888); El ocaso de los ídolos (1888). 3. Obras póstumas: El anticristo; Ecce Homo y Nietzsche contra Wagner. 
561 |a Ex libris manuscrito de María Luisa Bravo y Arriaga 
649 |a XX 
650 |a Autoconcepto 
650 |a Etica 
650 |a Estética 
650 |a Nihilismo -  |x Tema Principal 
650 |a Vitalismo -  |x Tema Principal 
650 |a Filosofía del Siglo XIX 
650 |a Filosofía Alemana 
700 |a González-Blanco, Edmundo  |e (traducción) 
910 |a Fondo General 
920 |a Impresos - Libros 
930 |a Libros Antiguos y Raros 
905 |a 108 
901 |a 0500275534  |b IT2  |c LRA  |u 20250526 
902 |a https://opac.biblio.iteso.mx/vufind/Record/000380588